Gemeinden des Kantons Appenzell-Innerrhoden - Statistiken

Allgemein
  • Dieses Quiz wurde 1.114 mal gespielt
    793 seit der letzten Aktualisierung
  • Das Durchschnittsergebnis liegt bei 3 aus 5
Antworten auf der Karte
Die Antworten werden auf der Karte rot bzw. grün angezeigt, abhängig davon wie oft sie richtig erraten wurden.
 
Antwortstatistiken
Einwohner Gemeinde % Korrekt
6'096 Appenzell
100%
6'108 Schwende-Rüte
58%
1'474 Gonten
57%
1'936 Oberegg
55%
1'119 Schlatt-Haslen
49%
Keine übereinstimmenden Quizze gefunden
Verteilung der Resultate
Anzahl Personen mit jedem Resultat
Perzentil nach korrekt beantworteten Fragen
Ihre Resultats-Entwicklung
Sie haben dieses Quiz seit der letzten Aktualisierung nicht gespielt